Profile: Hermione Granger Quiz Stats

Quiz Updated Nov 16, 2017

Challenge
Share
Tweet
Embed
Score 0/28 Timer 04:00
18 Plays Today
Fact about Hermione % Correct
Ron Weasley
98.2%
Emma Watson
95.7%
Gryffindor
93.8%
Viktor Krum
93%
Dentists
91%
Draco Malfoy
88.5%
Crookshanks
87.4%
Bellatrix Lestrange
84.5%
Gilderoy Lockhart
83.9%
Dumbledore's Army
82%
Troll
81.9%
Basilisk
81.6%
Neville Longbottom
81.1%
Time turner
80.4%
Fact about Hermione % Correct
Polyjuice
79.6%
Dragon
79.1%
Accio
77.9%
Horcruxes
77.4%
Merpeople
75.6%
Otter
73.8%
Grawp
69%
S.P.E.W.
68.7%
Boggart
67.9%
Australia
63.5%
Jean
63.2%
Alohomora
62.6%
Cormac McLaggen
60%
Confundus
53.4%

You're not logged in!

Compare scores with friends on all Sporcle quizzes.
Join for Free
OR
Log In

You Might Also Like...

Show Comments

Extras

Top Quizzes Today


Score Distribution

Your Account Isn't Verified!

In order to create a playlist on Sporcle, you need to verify the email address you used during registration. Go to your Sporcle Settings to finish the process.

Report this User

Report this user for behavior that violates our Community Guidelines.

Details: